| 000 | 01059nam a22003137a 4500 | ||
|---|---|---|---|
| 003 | CHAP | ||
| 005 | 20220329134812.0 | ||
| 008 | 971013s1979 r 10010 d | ||
| 010 | _a26179 | ||
| 011 | _a27151 | ||
| 035 | _a31252 | ||
| 040 | _cCHAP | ||
| 082 |
_a636.089 _bI59 1978 |
||
| 111 | 0 | 0 |
_aInternational Symposium on Animal Health and Disease Data Banks ( _d1978 _c: Washington) _959872 |
| 245 | _aProceedings | ||
| 260 |
_a(s.l.) : _bDepartment of Agriculture, _c1979 |
||
| 300 |
_a316 p. _b: ilus. ; mapa |
||
| 490 |
_aMiscellaneous publication _v; 1381 |
||
| 590 |
_aBATCH-UPD _b10 _c20130110 _lUCH01 _h1909 |
||
| 590 |
_aBATCH-UPD _b10 _c20130410 _lUCH01 _h1237 |
||
| 590 |
_aBATCH-UPD _b10 _c20130914 _lUCH01 _h1735 |
||
| 590 |
_aCONVERSION _b10 _c20130109 _lUCH01 _h1315 |
||
| 650 | 1 | 4 |
_aSanidad animal. _9102221 |
| 650 | 1 | 4 |
_aVeterinaria _xSistemas de información. _9119010 |
| 830 | 0 |
_aMiscellaneous publication _v; 1381 _976163 |
|
| 901 | _aBK | ||
| 942 | _cLIBRO | ||
| 949 |
_a636.089 I59 1978 _bBC _cLIBRO _d33724000272456 _eLIBRO _h47946 _i31252 _si |
||
| 999 |
_c26179 _d26179 |
||